|
|
|
|
| LEADER |
01844cas a2200241 a 4500 |
| 001 |
AALejournalIMF005545 |
| 008 |
230101c9999 xx r poo 0 0eng d |
| 020 |
|
|
|c 5.00 USD
|
| 020 |
|
|
|z 9781451871616
|
| 022 |
|
|
|a 1018-5941
|
| 040 |
|
|
|a BD-DhAAL
|c BD-DhAAL
|
| 100 |
1 |
|
|a Chen, Chuling.
|
| 245 |
1 |
0 |
|a Bank Efficiency in Sub-Saharan African Middle Income Countries /
|c Chuling Chen.
|
| 264 |
|
1 |
|a Washington, D.C. :
|b International Monetary Fund,
|c 2009.
|
| 300 |
|
|
|a 1 online resource (34 pages)
|
| 490 |
1 |
|
|a IMF Working Papers
|
| 500 |
|
|
|a <strong>Off-Campus Access:</strong> No User ID or Password Required
|
| 500 |
|
|
|a <strong>On-Campus Access:</strong> No User ID or Password Required
|
| 506 |
|
|
|a Electronic access restricted to authorized BRAC University faculty, staff and students
|
| 520 |
3 |
|
|a We use bank level data to study the efficiency of banks in Sub-Saharan African middle-income countries and provide possible explanations for the difference in the efficiency levels of banks. We find that banks, on average, could save 20-30 percent of their total costs if they were operating efficiently, and that foreign banks are more efficient than public banks and domestic private banks. Among the factors that could affect the efficiency levels are macroeconomic stability, depth of financial development, the degree of market competition, strong legal rights and contract laws, and better governance, including political stability and government effectiveness. Our findings point to the importance of policies that aim to build stronger institutions, promote more competition, and improve governance.
|
| 538 |
|
|
|a Mode of access: Internet
|
| 830 |
|
0 |
|a IMF Working Papers; Working Paper ;
|v No. 2009/014
|
| 856 |
4 |
0 |
|z Full text available on IMF
|u http://elibrary.imf.org/view/journals/001/2009/014/001.2009.issue-014-en.xml
|z IMF e-Library
|